00469nam a22001577a 450000500170000001000150001702000260003203500130005803700130007108200110008410000220009524500880011726000460020527000390025130000210029020150928111829.0 aENG-113705 a9788189430702c225.00 aEN-97237 bDBAD/PUB a204.41 aKriyananda, Swami aSelf expansion through marriage :cby Swami Kriyanandaba way to innner happiness / aGurgaonbAnanda Sangha Publicationsc2013 aB-108 DLF Phase IbGurgaone122002 a165p.c21cm(pbk)